| 000 | 01136cam a2200313 a 4500 | ||
|---|---|---|---|
| 001 | 17604273 | ||
| 003 | OSt | ||
| 005 | 20180205171252.0 | ||
| 008 | 130123s2013 enk b 001 0 eng | ||
| 010 | _a 2013002833 | ||
| 020 | _a0415196460 | ||
| 035 | _a(DNLM)101600376 | ||
| 040 |
_aDNLM/DLC _cDLC _dDLC |
||
| 042 | _apcc | ||
| 082 |
_aQZ 42 _bS87p 2011 |
||
| 245 | 0 | 0 |
_aTextbook of pharmacoepidemiology / _cedited by Brian L. Strom, Stephen E. Kimmel. |
| 250 | _a5th.ed. | ||
| 260 |
_aChichester, West Sussex [England] ; _bWiley Blackwell, _c2011. |
||
| 300 |
_axvii, 498 pages ; _c25 cm _bill: |
||
| 504 | _aIncludes bibliographical references and index. | ||
| 650 | 1 | 2 |
_aPharmacoepidemiology _xmethods. _92960 |
| 700 | 1 |
_aStrom, Brian L. _92961 |
|
| 700 | 1 |
_aKimmel, Stephen E. _912416 |
|
| 730 | 0 |
_aPharmacoepidemiology. _912417 |
|
| 776 | 0 | 8 |
_iOnline version: _tTextbook of pharmacoepidemiology _b2nd ed. _dChichester, West Sussex : John Wiley & Sons, 2013 _z9781118344835 _w(DLC) 2013003805 |
| 906 |
_a7 _bcbc _corignew _d1 _eecip _f20 _gy-gencatlg |
||
| 942 |
_2z _cSLOAN |
||
| 999 |
_c5985 _d5985 |
||